00520nam a2200157 a 4500001000500000005001700005008004100022020001800063050001800081100002200099245005500121260003600176300002000212999001900232952011100251368820140414131901.0061002s19uu xx 00 eng d a0-380-72558-4 aFICbB22 1980 aBanks, Lynne Reid aThe Indian in the cupboard /cby Lynne Reid Banks. aNew York :bAvon books,cc1980. a197 p. ; cm. c110647d110647 00104050aMUbMUcFICd2006-10-02eDonationl0oFIC B22 1980pM1105r2014-04-14 00:00:00w2014-04-14yBK